000 00325nam a2200121Ia 4500
008 240731s9999 xx 000 0 und d
022 _a1325-4340
245 0 _aAustralasian Journal of Engineering Education
260 _bTaylor & Francis
856 _uhttps://www.tandfonline.com/loi/teen20
942 _2ddc
942 _cTFEJ
999 _c75498
_d75498
945 _a1
_bMadushi Gamage
_c1
_dMadushi Gamage